[Event "Berlin-ch Seniors op 27th"]
[Site "Berlin"]
[Date "2011.02.06"]
[Round "9"]
[White "Durth, Konrad"]
[Black "Schroeder, Wolfgang1111"]
[Result "1-0"]
[WhiteElo "1770"]
[BlackElo "1547"]
[PlyCount "87"]
[EventDate "2011.01.29"]
[EventType "swiss"]
[EventRounds "9"]
[EventCountry "GER"]
[SourceTitle "EXT 2012"]
[Source "ChessBase"]
[SourceDate "2011.11.24"]
[SourceVersion "1"]
[SourceVersionDate "2011.11.24"]
[SourceQuality "1"]

1. e4 c5 2. c3 Nf6 3. e5 Nd5 4. d4 cxd4 5. Nf3 Nc6 6. Nxd4 e6 7. Nf3 Be7 8. Bc4 Nb6 9. Bb3 d5 10. Be3 Nc4 11. Bxc4 dxc4 12. Qa4 Qd5 13. 0-0 b5 14. Qc2 Nxe5 15. Nxe5 Qxe5 16. Bd4 Qg5 17. Qe4 Qd5 18. Qxd5 exd5 19. a4 b4 20. Re1 Be6 21. Bxg7 Rg8 22. Bd4 a5 23. Nd2 Ra6 24. Nf1 Kd7 25. Ng3 Bh4 26. Nh5 Bg5 27. Be3 Be7 28. Nf4 Bg5 29. Nh5 Kc8 30. Bxg5 Rxg5 31. Nf4 Kd7 32. Ne2 Bf5 33. Nd4 Be4 34. f3 Bd3 35. Re3 bxc3 36. bxc3 Rb6 37. Rae1 Rb2 38. g3 Rg8 39. Re7+ Kc8 40. Ra7 Rd8 41. Ree7 Rb1+ 42. Kf2 Rf1+ 43. Kg2 Rb1 44. Rec7+ 1-0

[Event "Berlin-ch Seniors op 27th"]
[Site "Berlin"]
[Date "2011.02.03"]
[Round "6"]
[White "Steppan, Siegfried"]
[Black "Durth, Konrad"]
[Result "0-1"]
[WhiteElo "1514"]
[BlackElo "1770"]
[PlyCount "100"]
[EventDate "2011.01.29"]
[EventType "swiss"]
[EventRounds "9"]
[EventCountry "GER"]
[SourceTitle "EXT 2012"]
[Source "ChessBase"]
[SourceDate "2011.11.24"]
[SourceVersion "1"]
[SourceVersionDate "2011.11.24"]
[SourceQuality "1"]

1. d4 Nf6 2. c4 c5 3. d5 b5 4. Qc2 bxc4 5. e4 d6 6. Bxc4 g6 7. Nf3 Bg7 8. 0-0 0-0 9. Nc3 Ba6 10. Bxa6 Nxa6 11. a3 Rb8 12. h3 Nd7 13. Be3 Qb6 14. Rab1 Qa5 15. Nd2 Qc7 16. f4 Bd4 17. Bf2 Rb7 18. Qd3 Bxf2+ 19. Rxf2 Nab8 20. Nc4 Qd8 21. f5 Nb6 22. fxg6 hxg6 23. Ne3 N8d7 24. Ng4 Nf6 25. Nxf6+ exf6 26. Rbf1 Nd7 27. Qg3 Qe7 28. h4 Qe5 29. Qxe5 fxe5 30. g4 Kg7 31. g5 f6 32. gxf6+ Rxf6 33. Rxf6 Nxf6 34. Rf2 Nh5 35. Rh2 a6 36. Nd1 Nf4 37. Ne3 Rf7 38. Nc4 Rf6 39. Kh1 Nh5 40. Kg1 Ng3 41. Nd2 Rf4 42. Rg2 Nh5 43. Nc4 Rf6 44. Rf2 Nf4 45. Kf1 Kh6 46. Ne3 Kh5 47. Ng2 Kg4 48. Ne3+ Kxh4 49. Ng2+ Kg5 50. Rf3 Nxd5 0-1

[Event "Berlin-ch Seniors op 26th"]
[Site "Berlin"]
[Date "2010.02.15"]
[Round "7"]
[White "Durth, Konrad"]
[Black "Hoffmann, Peter1111"]
[Result "0-1"]
[WhiteElo "1818"]
[BlackElo "1917"]
[PlyCount "90"]
[EventDate "2010.02.09"]
[EventType "swiss"]
[EventRounds "9"]
[EventCountry "GER"]
[SourceTitle "EXT 2012"]
[Source "ChessBase"]
[SourceDate "2011.11.24"]
[SourceVersion "1"]
[SourceVersionDate "2011.11.24"]
[SourceQuality "1"]

1. e4 c5 2. c3 Nf6 3. e5 Nd5 4. d4 cxd4 5. Nf3 Nc6 6. cxd4 d6 7. Bc4 Nb6 8. Bb5 d5 9. Nc3 Bf5 10. Be3 e6 11. 0-0 Be7 12. Rc1 0-0 13. a3 a6 14. Bxc6 bxc6 15. Nd2 a5 16. Na4 Bd3 17. Re1 Nxa4 18. Qxa4 Bb5 19. Qc2 a4 20. Nb1 Qa5 21. Bd2 Qa7 22. Be3 f5 23. f4 g5 24. Qf2 g4 25. Rc3 Rac8 26. Rec1 Rc7 27. Nd2 Kg7 28. h4 h5 29. g3 Rb8 30. R1c2 Qa6 31. b4 axb3 32. Rxb3 Ra8 33. Rcc3 Rca7 34. Rb1 Qb7 35. Nb3 Rxa3 36. Nc5 Bxc5 37. Rxc5 Qa6 38. Qe1 Qa4 39. Qc1 Ra7 40. Bf2 Bc4 41. Kg2 Bd3 42. Rxc6 Bxb1 43. Rc7+ Kg6 44. Rxa7 Be4+ 45. Kh2 Qxa7 0-1

[Event "Berlin-ch Seniors op 25th"]
[Site "Berlin"]
[Date "2009.02.19"]
[Round "8"]
[White "Durth, Konrad"]
[Black "Hirr, Rudi"]
[Result "0-1"]
[WhiteElo "2047"]
[BlackElo "1633"]
[PlyCount "60"]
[EventDate "2009.02.12"]
[EventType "swiss"]
[EventRounds "9"]
[EventCountry "GER"]
[SourceTitle "EXT 2022"]
[Source "ChessBase"]
[SourceDate "2021.10.06"]
[SourceVersion "1"]
[SourceVersionDate "2021.10.06"]
[SourceQuality "1"]

1. e4 e6 2. d4 d5 3. Nc3 Bb4 4. e5 c5 5. Bd2 Nc6 6. Qg4 Nge7 7. a3 Bxc3 8. bxc3 Ng6 9. Bd3 cxd4 10. cxd4 Qh4 11. Qxh4 Nxh4 12. g3 Ng6 13. Ne2 0-0 14. Rb1 b6 15. f4 Bd7 16. 0-0 Nge7 17. Rbe1 Rac8 18. g4 g6 19. c3 Na5 20. f5 exf5 21. Bg5 Nac6 22. gxf5 Bxf5 23. Bxf5 Nxf5 24. Rxf5 gxf5 25. Nf4 f6 26. Bxf6 Kf7 27. Nxd5 Rg8+ 28. Kf2 Rg6 29. Ne3 Ne7 30. d5 f4 0-1

[Event "Berlin-ch Seniors op 24th"]
[Site "Berlin"]
[Date "2008.02.28"]
[Round "8"]
[White "Durth, Konrad"]
[Black "Poeltelt, Helmut"]
[Result "1-0"]
[WhiteElo "1799"]
[BlackElo "1505"]
[PlyCount "73"]
[EventDate "2008.02.21"]
[EventType "swiss"]
[EventRounds "9"]
[EventCountry "GER"]
[SourceTitle "EXT 2022"]
[Source "ChessBase"]
[SourceDate "2021.10.06"]
[SourceVersion "1"]
[SourceVersionDate "2021.10.06"]
[SourceQuality "1"]

1. e4 c5 2. c3 Nf6 3. e5 Nd5 4. d4 e6 5. Nf3 cxd4 6. Nxd4 a6 7. Nd2 d6 8. exd6 Bxd6 9. Ne4 Be7 10. Bd3 e5 11. Nf3 Bg4 12. h3 Bxf3 13. Qxf3 Nc6 14. Ng3 Nf6 15. 0-0 0-0 16. Bg5 Re8 17. Rad1 Qc7 18. Bxf6 Bxf6 19. Qf5 Ne7 20. Qxh7+ Kf8 21. Qe4 g6 22. Qc4 Nc6 23. Ne4 b5 24. Qb3 Na5 25. Qc2 Be7 26. Ng3 f5 27. Bxf5 gxf5 28. Qxf5+ Kg8 29. Qe6+ Kf8 30. Rd3 Bc5 31. Rf3+ Kg7 32. Qg4+ Kh8 33. Rf5 Re7 34. Ne4 Rh7 35. Nf6 Rh6 36. Qe4 Nc4 37. Qxa8+ 1-0

[Event "Berlin-ch Seniors op 24th"]
[Site "Berlin"]
[Date "2008.02.23"]
[Round "3"]
[White "Engelhardt, Erhard"]
[Black "Durth, Konrad"]
[Result "0-1"]
[WhiteElo "1603"]
[BlackElo "1799"]
[PlyCount "74"]
[EventDate "2008.02.21"]
[EventType "swiss"]
[EventRounds "9"]
[EventCountry "GER"]
[SourceTitle "EXT 2022"]
[Source "ChessBase"]
[SourceDate "2021.10.06"]
[SourceVersion "1"]
[SourceVersionDate "2021.10.06"]
[SourceQuality "1"]

1. f4 d5 2. Nf3 c5 3. e3 Nf6 4. b3 g6 5. Bb2 Bg7 6. Be2 0-0 7. 0-0 Nc6 8. Ne5 Nxe5 9. Bxe5 Ne8 10. Bxg7 Nxg7 11. Bf3 Rb8 12. Qe2 Qd6 13. d3 b5 14. Nd2 Bd7 15. g3 e5 16. c4 Bh3 17. Bg2 Bxg2 18. Kxg2 exf4 19. gxf4 dxc4 20. dxc4 b4 21. Rad1 Qc6+ 22. Nf3 Rfe8 23. Rd3 Nh5 24. Qd2 Re6 25. Kg1 Rbe8 26. Ne5 Qe4 27. Nd7 Qf5 28. Ne5 Nf6 29. Rf3 Ne4 30. Qe2 Nc3 31. Qf1 Nxa2 32. Rg3 Nc3 33. Ng4 Kg7 34. Nf2 Qf6 35. Ng4 Qf5 36. Nf2 Qh5 37. Rg5 Qf3 0-1

[Event "Brandenburg-ch Seniors 22nd"]
[Site "Berlin"]
[Date "2006.02.24"]
[Round "5"]
[White "Thieme, Hans"]
[Black "Durth, Konrad"]
[Result "1/2-1/2"]
[WhiteElo "1950"]
[BlackElo "1754"]
[PlyCount "112"]
[EventDate "2006.02.20"]
[EventType "swiss"]
[EventRounds "9"]
[EventCountry "GER"]
[SourceTitle "EXT 2007"]
[Source "ChessBase"]
[SourceDate "2006.11.23"]
[SourceVersion "1"]
[SourceVersionDate "2006.11.23"]
[SourceQuality "1"]

1. e4 e5 2. Nc3 Nf6 3. f4 Bb4 4. fxe5 Bxc3 5. dxc3 Nxe4 6. Qg4 d5 7. Qxg7 Ke7 8. Nf3 Qg8 9. Qxg8 Rxg8 10. Bf4 Be6 11. g3 Nd7 12. Nd2 Nxd2 13. Kxd2 Nc5 14. Ke3 Bf5 15. Rc1 Be4 16. Rg1 Ne6 17. Bd3 Bg6 18. h4 h5 19. Rcd1 c6 20. a4 a6 21. b4 b5 22. Ra1 c5 23. Bxg6 fxg6 24. axb5 d4+ 25. cxd4 Nxd4 26. Rxa6 Nxc2+ 27. Ke4 Nxb4 28. Rxa8 Rxa8 29. Be3 Ke6 30. Rf1 Nd5 31. Bxc5 Ra4+ 32. Kd3 Rg4 33. Rf3 Kxe5 34. b6 Nb4+ 35. Kc3 Na6 36. b7 Kd5 37. Bf2 Kc6 38. Rf4 Rxf4 39. gxf4 Kxb7 40. Kd4 Nb4 41. Bg3 Kc6 42. Ke5 Nd5 43. Ke6 Ne3 44. Kf6 Nf5 45. Be1 Kd5 46. Kxg6 Ke4 47. Kg5 Ng7 48. Bd2 Ne8 49. Kxh5 Kf5 50. Kh6 Nf6 51. Bc1 Ng8+ 52. Kg7 Nf6 53. Kf7 Nh5 54. Bd2 Kg4 55. Kg6 Nxf4+ 56. Bxf4 Kxh4 1/2-1/2

[Event "Brandenburg-ch Seniors 22nd"]
[Site "Berlin"]
[Date "2006.02.21"]
[Round "2"]
[White "Stiemerling, Karl Heinz"]
[Black "Durth, Konrad"]
[Result "1/2-1/2"]
[WhiteElo "1625"]
[BlackElo "1754"]
[PlyCount "89"]
[EventDate "2006.02.20"]
[EventType "swiss"]
[EventRounds "9"]
[EventCountry "GER"]
[SourceTitle "EXT 2007"]
[Source "ChessBase"]
[SourceDate "2006.11.23"]
[SourceVersion "1"]
[SourceVersionDate "2006.11.23"]
[SourceQuality "1"]

1. d4 Nf6 2. c4 c5 3. d5 e6 4. Nc3 exd5 5. cxd5 d6 6. e4 g6 7. Bb5+ Nfd7 8. Nf3 Bg7 9. 0-0 0-0 10. Bf4 a6 11. Bd3 Nf6 12. h3 b5 13. Qd2 Re8 14. Rfe1 Bb7 15. Rac1 Qb6 16. b3 Nbd7 17. Bh6 Bh8 18. Bg5 Rac8 19. Re2 Qc7 20. Rce1 Bg7 21. Bf4 Nh5 22. Bh2 Nhf6 23. Bc2 Nb6 24. e5 Nfxd5 25. Nxd5 Bxd5 26. exd6 Rxe2 27. Qxe2 Qb7 28. Nh4 Nd7 29. Qg4 Nf6 30. Qg5 Qc6 31. Re7 Re8 32. Qe3 Rxe7 33. dxe7 Qe6 34. Qxe6 fxe6 35. Bd6 c4 36. bxc4 Bxc4 37. a4 Ne8 38. Bb4 Kf7 39. Nf3 Nc7 40. Ng5+ Kg8 41. axb5 axb5 42. Be4 Bf6 43. h4 Bxg5 44. hxg5 Kf7 45. Bc6 1/2-1/2

[Event "Berlin-ch Seniors op 21st"]
[Site "Berlin"]
[Date "2005.02.01"]
[Round "5"]
[White "Durth, Konrad"]
[Black "Mellenthin, Horst"]
[Result "1/2-1/2"]
[WhiteElo "1807"]
[BlackElo "1797"]
[PlyCount "26"]
[EventDate "2005.01.28"]
[EventType "swiss"]
[EventRounds "9"]
[EventCountry "GER"]
[SourceTitle "EXT 2007"]
[Source "ChessBase"]
[SourceDate "2006.11.23"]
[SourceVersion "1"]
[SourceVersionDate "2006.11.23"]
[SourceQuality "1"]

1. c4 c5 2. Nc3 Nc6 3. g3 g6 4. e3 Bg7 5. Nge2 e6 6. Bg2 Nge7 7. 0-0 0-0 8. d4 cxd4 9. exd4 d5 10. b3 dxc4 11. bxc4 Nxd4 12. Rb1 Nxe2+ 13. Nxe2 Qc7 1/2-1/2

[Event "Berlin Lichtenberger Sommer 3th"]
[Site "Berlin"]
[Date "2004.08.15"]
[Round "2.77"]
[White "Durth, Konrad"]
[Black "Steppan, Siegfried"]
[Result "1-0"]
[WhiteElo "1746"]
[BlackElo "1428"]
[PlyCount "77"]
[EventDate "2004.08.14"]
[EventType "swiss"]
[EventRounds "9"]
[EventCountry "GER"]
[SourceTitle "EXT 2022"]
[Source "ChessBase"]
[SourceDate "2021.10.06"]
[SourceVersion "1"]
[SourceVersionDate "2021.10.06"]
[SourceQuality "1"]

1. c4 g6 2. d4 Bg7 3. b4 Nf6 4. Nc3 0-0 5. Nf3 d6 6. Bg5 h6 7. Bd2 Bg4 8. e3 e5 9. dxe5 dxe5 10. Be2 Nc6 11. b5 Nb4 12. Nxe5 Bxe2 13. Nxe2 Nd3+ 14. Nxd3 Qxd3 15. Qb3 Qxb3 16. axb3 Ne4 17. Ra2 Rfd8 18. f3 Nxd2 19. Rxd2 Rxd2 20. Kxd2 Rd8+ 21. Kc2 Bf8 22. Rd1 Rxd1 23. Kxd1 Bd6 24. h3 f5 25. Kc2 Kf7 26. Kd3 Kf6 27. Kd4 Ke6 28. c5 Be5+ 29. Kc4 h5 30. Nf4+ Bxf4 31. exf4 h4 32. b4 b6 33. Kd4 Kd7 34. Kd5 Ke8 35. c6 Kd8 36. Ke6 Ke8 37. Kf6 Kd8 38. Kxg6 Ke7 39. Kxf5 1-0

[Event "Berlin Lichtenberger Sommer 2nd"]
[Site "Berlin"]
[Date "2003.08.24"]
[Round "9.56"]
[White "Durth, Konrad"]
[Black "Duric, Rajko"]
[Result "0-1"]
[WhiteElo "1816"]
[BlackElo "1684"]
[PlyCount "86"]
[EventDate "2003.08.16"]
[EventType "swiss"]
[EventRounds "9"]
[EventCountry "GER"]
[SourceTitle "EXT 2022"]
[Source "ChessBase"]
[SourceDate "2021.10.06"]
[SourceVersion "1"]
[SourceVersionDate "2021.10.06"]
[SourceQuality "1"]

1. e4 e5 2. Nf3 Nc6 3. Bb5 a6 4. Bxc6 dxc6 5. 0-0 Bd6 6. d4 Bg4 7. dxe5 Bxf3 8. gxf3 Bxe5 9. f4 Qxd1 10. Rxd1 Bd6 11. Be3 f6 12. c4 0-0-0 13. Nc3 Nh6 14. f3 Nf7 15. Ne2 Be7 16. Ng3 g6 17. Kf2 Rxd1 18. Rxd1 Rd8 19. Rxd8+ Nxd8 20. Bd4 Ne6 21. Ke3 Nxd4 22. Kxd4 b6 23. h4 Bc5+ 24. Kd3 Bf2 25. Ne2 Bxh4 26. Nd4 Kd7 27. e5 c5 28. Ne2 Ke6 29. Ke4 c6 30. Nc1 Bf2 31. b3 h5 32. exf6 Kxf6 33. Nd3 Bd4 34. Ne5 Bxe5 35. fxe5+ Ke6 36. f4 h4 37. Ke3 g5 38. fxg5 Kxe5 39. g6 Kf6 40. Kf4 Kxg6 41. Kg4 h3 42. Kxh3 Kf5 43. Kh4 b5 0-1

[Event "Berlin Lichtenberger Sommer 2nd"]
[Site "Berlin"]
[Date "2003.08.17"]
[Round "2.57"]
[White "Tobi, Kurt"]
[Black "Durth, Konrad"]
[Result "0-1"]
[WhiteElo "1588"]
[BlackElo "1816"]
[PlyCount "36"]
[EventDate "2003.08.16"]
[EventType "swiss"]
[EventRounds "9"]
[EventCountry "GER"]
[SourceTitle "EXT 2022"]
[Source "ChessBase"]
[SourceDate "2021.10.06"]
[SourceVersion "1"]
[SourceVersionDate "2021.10.06"]
[SourceQuality "1"]

1. e4 e5 2. Nf3 f5 3. Bc4 fxe4 4. Nxe5 d5 5. Bb3 Nf6 6. d4 Be6 7. 0-0 Nbd7 8. Nxd7 Qxd7 9. Be3 Bd6 10. Nd2 0-0 11. c4 c6 12. Rc1 Qf7 13. c5 Bxh2+ 14. Kh1 Bc7 15. g3 Bg4 16. Qe1 Qh5+ 17. Kg1 Be2 18. Bd1 Ng4 0-1

[Event "Berlin op 08"]
[Site "Berlin"]
[Date "2002.08.24"]
[Round "8"]
[White "Durth, Konrad"]
[Black "Guenther, Thomas"]
[Result "0-1"]
[WhiteElo "1851"]
[BlackElo "2038"]
[PlyCount "36"]
[EventDate "2002.08.17"]
[EventType "swiss"]
[EventRounds "9"]
[EventCountry "GER"]
[SourceTitle "EXT 2007"]
[Source "ChessBase"]
[SourceDate "2006.11.23"]
[SourceVersion "1"]
[SourceVersionDate "2006.11.23"]
[SourceQuality "1"]

1. b3 e5 2. Bb2 Nc6 3. e3 d6 4. Bb5 Bd7 5. d4 exd4 6. exd4 Qg5 7. Qe2+ Nge7 8. Nf3 Qh5 9. Nbd2 0-0-0 10. 0-0-0 Nd5 11. Bxc6 Bxc6 12. Rhe1 Nf4 13. Qf1 Qg4 14. h3 Qxg2 15. Qxg2 Nxg2 16. Rg1 Nf4 17. Rh1 Rg8 18. d5 Nd3+ 0-1

[Event "Berlin op 08"]
[Site "Berlin"]
[Date "2002.08.17"]
[Round "1"]
[White "Durth, Konrad"]
[Black "Nogly, Christoph"]
[Result "0-1"]
[WhiteElo "1851"]
[BlackElo "2241"]
[PlyCount "53"]
[EventDate "2002.08.17"]
[EventType "swiss"]
[EventRounds "9"]
[EventCountry "GER"]
[SourceTitle "EXT 2007"]
[Source "ChessBase"]
[SourceDate "2006.11.23"]
[SourceVersion "1"]
[SourceVersionDate "2006.11.23"]
[SourceQuality "1"]

1. b3 d5 2. Bb2 Nf6 3. e3 c5 4. Bb5+ Nc6 5. Nf3 e6 6. Ne5 Qb6 7. Qe2 Be7 8. 0-0 0-0 9. Bxc6 bxc6 10. d3 a5 11. Nc3 Ba6 12. Na4 Qc7 13. Ng4 Nd7 14. f4 f6 15. c4 Bd6 16. Rf3 f5 17. Nh6+ Kh8 18. Rh3 Nf6 19. g4 gxh6 20. Rxh6 d4 21. g5 Ng4 22. Rxe6 Bc8 23. h3 Bxe6 24. hxg4 Rae8 25. exd4 Kg8 26. dxc5 Bxf4 27. Qc2 0-1